00526nam a22001937a 450000500170000000800410001701000130005802000220007103500130009303700130010604000080011908200100012710000220013724500490015926000330020827000550024130000240029665000120032020180621135835.0180621b xxu||||| |||| 00| 0 eng d aB-219134 a8183820212c95.00 aB-219134 bBPPD/PUB aDPL a658.8 aAllen, Michael E. aHow to sell my productscby Michael E. Allen aNew DelhibLotus Pressc2006 a4263/3, Anasri Road, Darya GanjbNew Delhie110002 a126p. c23 cm.(Pbk) aSuccess